000 01208nam a2200313 a 4500
001 000112943
003 CHAP
005 20220329144329.0
008 170222s2016 mx sm |||||||spa d
010 _a109404
011 _a110376
040 _cCHAP
090 _aTesis
100 1 _aMorales Figueroa, Sandy Guadalupe
_9131565
245 1 0 _aResistencia al herbicida mesosulfuror + Iodosulfuron de un biotipo de avena fatua L. proveniente del Valle de Hermosillo Sonora
_h[En línea]
_cpor Sandy Guadalupe Morales Figueroa.
260 _aChapingo, Méx. :
_bEl autor,
_c2016.
500 _aPara ver el contenido del material haga clic en la liga
502 _aTesis (Ing. Agr. Esp. en Parasitología Agrícola) -- UACH. Departamento de Parasitología Agrícola
590 _aE5765TAJ
_b05
_c20170222
_lUCH01
_h1146
590 _aE5765TAJ
_b05
_c20170222
_lUCH01
_h1146
590 _aE5765TAJ
_b05
_c20170222
_lUCH01
_h1147
650 1 4 _aHerbicidas
_xEfecto en Avena.
_9129814
650 1 4 _aInsecticidas
_xAplicación.
_958857
650 1 4 _aMalas hierbas
_xControl.
_970011
856 _aFinding aid
_uhttp://10.13.5.2/tesis/sist112943.pdf
_zTeclea aquí
901 _aBK
942 _cTESIS
942 _n0
999 _c109404
_d109404